000 01618nam a2200277Ia 4500
003 OSt
005 20250711155710.0
008 210210b1994 xxu||||| |||| 00| 0 eng d
040 _cAL
041 _aKannada
082 _a398.2K UPAJ
100 _aUPADHYAYA (K S).
_9151779
_dಉಪಾಧ್ಯಾಯ (ಕೆ.ಎಸ್)
245 _aJanapada kale - baduku.
_bಜಾನಪದ ಕಲೆ - ಬದುಕು
260 _aPutturu.
_bKarnataka Sangha.,
_c1994
300 _a124
520 _aಈ ಸಂಕಲನದಲ್ಲಿ ಸೇರಿದ ಹನ್ನೆರಡು ಲೇಖನಗಳಲ್ಲಿ ಎರಡು ಯಕ್ಷಗಾನಕ್ಕೆ ಸಂಬಂಧಿಸಿದವು. ಐದು ಗೊಂಬೆಯಾಟವನ್ನು ಕುರಿತಾದವು. ಇನ್ನುಳಿದವು ನಾಗಮಂಡಲ, ಭೂತಾರಾಧನೆ, ಒತ್ತೆಕೋಲಗಳೆಂಬ ಜಾನಪದ ಅಂಶಗಳನ್ನೊಳಗೊಂಡ ಕಲಾತ್ಮಕವಾದ ಧಾರ್ಮಿಕ ಆಚರಣೆಗಳ ಬಗ್ಗೆ. ಅಲ್ಲದೆ ಶುದ್ಧ ಜಾನಪದ ಆಚರಣೆಗಳಾದ ಕಂಬಳ ಮತ್ತು ಕೋಳಿ ಅಂಕ ಎಂಬ ಕ್ರೀಡಾಪ್ರಧಾನ ಪ್ರಕ್ರಿಯೆಗಳ ಮೇಲೆ ಬೆಳಕು ಚೆಲ್ಲುವಂಥ ಲೇಖನಗಳಿವೆ
650 _aYakshagana Gombeyata
_9151781
650 _aNagamandala
_9151782
650 _aBhutaradhane
_9151783
651 _aKambala
_9151784
651 _aOttekola
_9151785
651 _aKoli anka
_9151786
690 _aFolklore
_9151780
906 _a049417
942 _2ddc
_cBK
999 _c98311
_d98311